Movies Quiz

Random Movies or Disney Quiz

Disney Movies by Minor Characters Quiz Stats

 Plays Quiz not verified by Sporcle

Score 0/17 Timer 04:00
0 Plays Today
Character's Name Film % Correct
LuciferCinderella
92.5%
SarabiThe Lion King
85.7%
NanaPeter Pan
85.3%
Max the SheepdogThe Little Mermaid
82.2%
King StefanSleeping Beauty
82.2%
Monsieur D'ArqueBeauty and the Beast
74.8%
PercyPocahontas
71.7%
Lady KluckRobin Hood
70.2%
Little BrotherMulan
70%
Character's Name Film % Correct
RazoulAladdin
61.7%
Uncle WaldoThe Aristocats
58.6%
Eli La BouffThe Princess and the Frog
51.1%
GeorgetteOliver and Company
49.3%
EvinrudeThe Rescuers
47.8%
LampwickPinocchio
45.7%
DjaliThe Hunchback of Notre Dame
45.2%
Lucille KrunklehornMeet the Robinsons
11.4%

You're not logged in!

Compare scores with friends on all Sporcle quizzes.
OR
Log In

You Might Also Like...

Show Comments

Extras

Created Jul 7, 2010ReportNominate
Tags:Disney Quiz, character, minor

Top Quizzes Today


Score Distribution

Your Account Isn't Verified!

In order to create a playlist on Sporcle, you need to verify the email address you used during registration. Go to your Sporcle Settings to finish the process.

Report this User

Report this user for behavior that violates our Community Guidelines.

Details: